logo

Bir Sreshtho Munshi Abdur Rouf Library
Jhenaidah Cadet College

তপুর যুদ্ধ যুদ্ধ খেলা / (Record no. 2226)

MARC details
000 -LEADER
fixed length control field 00648nam a2200217 a 4500
001 - CONTROL NUMBER
JCCL Control Number 2226
003 - CONTROL NUMBER IDENTIFIER
JCCL marc code BD-JhCC
005 - DATE AND TIME OF LATEST TRANSACTION
control field 20171031102155.0
008 - FIXED-LENGTH DATA ELEMENTS--GENERAL INFORMATION
fixed length control field 171031s2006 bg a|||| ||a| 000 0 ben d
035 ## - SYSTEM CONTROL NUMBER
system control number (BD-JhCC) 2226
040 ## - CATALOGING SOURCE
Original cataloging agency BD-JhCC
Modifying agency BD-JhCC
041 ## - LANGUAGE CODE
Language code of Book ben
082 ## - DEWEY DECIMAL CLASSIFICATION NUMBER
Classification number 891.443
Author mark and Year AHM 2006
100 ## - MAIN ENTRY--PERSONAL NAME
Personal name আহমদ, এখলাসউদ্দিন
245 ## - TITLE STATEMENT
Title তপুর যুদ্ধ যুদ্ধ খেলা /
Statement of responsibility, etc এখলাসউদ্দিন আহমদ
260 ## - PUBLICATION, DISTRIBUTION, ETC. (IMPRINT)
Place of publication, distribution, etc ঢাকা :
Name of publisher, distributor, etc অনন্যা ,
Date of publication, distribution, etc 2006
300 ## - PHYSICAL DESCRIPTION
Pagination 96 p .:
Dimensions 22 cm .
650 ## - SUBJECT ADDED ENTRY--TOPICAL TERM
Topical term or geographic name as entry element Bengali Novel
942 ## - ADDED ENTRY ELEMENTS (KOHA)
Source of classification or shelving scheme Dewey Decimal Classification
Koha item type Books
Holdings
Source of classification or shelving scheme Damaged status Not for loan Home library Current library Shelving location Date of accession Cost, normal purchase price Total Checkouts Full call number Barcode Date last seen Date checked out Copy number Koha item type Source of acquisition
Dewey Decimal Classification     JCC Rouf Library JCC Rouf Library General Stacks 10/31/2017 90.00 1 891.443 AHM 2006 3301 06/15/2025 06/15/2025 C-1 Books  
Dewey Decimal Classification     JCC Rouf Library JCC Rouf Library General Stacks 11/01/2017 90.00   891.443 AHM 2006 2955 11/01/2017   C-2 Books Fundation of the Tenth's Efforts

JCC Library | Contacts | JCC Home

Last Update on 23 September 2017
Copyright @ 2017-2020 JCC Rouf Library
Rouf Library, Jhenidah Cadet College (JCC), Bangladesh